Представление документа в формате RUSMARC

ПолеНазваниеЗначение
  Тип записи a
  Библиографический уровень m
001 Контрольный номер 499c46381e1e4089a9e68c80ac7526c6
005 Дата корректировки 20260703111413.4
010 Индекс ISBN __
a ISBN 978-5-389-29101-0
9 Тираж 2000 экз.
100 Данные общей обработки __
a Данные общей обработки 20260703d2026 ma y0rusy028902 ca
101 Язык документа 0_
a Язык текста rus
102 Страна публикации __
a Страна публикации RU
105 Кодированные данные (монография) __
a Кодированные данные (монография) y z 000ay
181 Поле кодированных данных: вид содержания _0
a Код вида содержания (ISBD) i
182 Поле кодированных данных: тип средства _0
a Код типа средства (ISBD) n
200 Заглавие и сведения об ответственности 1_
a Заглавие Мамонт
e Сведения, относящиеся к заглавию [мистический роман]
f Первые сведения об ответственности Владимир Березин
203 Вид содержания и тип средства __
a Вид содержания Текст
c Тип средства непосредственный
210 Выходные данные 1_
a Место издания Санкт-Петербург
c Издательство Азбука
d Дата издания 2026
215 Физическое описание __
a Объем 380, [3] с.
d Формат 20 см
225 Серия 2_
a Серия Азбука
i Наименование части Голоса
300 Общие примечания __
a Общие примечания Информация об авторе в аннотации
320 Библиография __
a Библиография Библиография в конце книги
320 Библиография __
a Библиография Другие книги серии и автора: с. [2]
333 Примечание о целевом назначении __
a Примечание о целевом назначении 16+. Для детей старше 16 лет
606 Тематические рубрики __
2 Код системы nlr_sh
a Основная рубрика Художественная литература
606 Тематические рубрики __
2 Код системы nlr_sh
a Основная рубрика Современная русская литература (произведения)
610 Ключевые слова 0_
a Ключевые слова русская литература
610 Ключевые слова 0_
a Ключевые слова современная проза
610 Ключевые слова 0_
a Ключевые слова романы
610 Ключевые слова 0_
a Ключевые слова мистические романы
610 Ключевые слова 0_
a Ключевые слова мистическая проза
610 Ключевые слова 0_
a Ключевые слова перемещения во времени
610 Ключевые слова 0_
a Ключевые слова попаданцы
610 Ключевые слова 0_
a Ключевые слова путешествия во времени
610 Ключевые слова 0_
a Ключевые слова тема находок
610 Ключевые слова 0_
a Ключевые слова перемещения в пространстве
610 Ключевые слова 0_
a Ключевые слова тема машины времени
610 Ключевые слова 0_
a Ключевые слова машина времени
610 Ключевые слова 0_
a Ключевые слова фантастика
610 Ключевые слова 0_
a Ключевые слова фантастические романы
610 Ключевые слова 0_
a Ключевые слова русская фантастика
610 Ключевые слова 0_
a Ключевые слова тема контрабанды
610 Ключевые слова 0_
a Ключевые слова остросюжетные романы
610 Ключевые слова 0_
a Ключевые слова авантюрные романы
610 Ключевые слова 0_
a Ключевые слова интеллектуальная проза
610 Ключевые слова 0_
a Ключевые слова магический реализм
610 Ключевые слова 0_
a Ключевые слова исторические романы
610 Ключевые слова 0_
a Ключевые слова советская эпоха
610 Ключевые слова 0_
a Ключевые слова тема советского времени
610 Ключевые слова 0_
a Ключевые слова философские романы
610 Ключевые слова 0_
a Ключевые слова социальные романы
686 Индексы других классификаций __
2 Код системы rubbks
a Классификационный индекс 84(2=411.2)6-445
700 Автор _1
a Фамилия Березин
b Имя В. С.
f Даты 1966-
g Полное личное имя Владимир Сергеевич
4 Код отношения 070
801 Источник записи _0
a Страна RU
b Организация Муниципальное бюджетное учреждение культуры "Централизованная библиотечная система" г. Сургут (Центральная городская библиотека им. А. С. Пушкина)
c Дата составления 20260703
g Правила каталогизации PSBO
801 Источник записи _1
a Страна RU
b Организация Муниципальное бюджетное учреждение культуры "Централизованная библиотечная система" г. Сургут (Центральная городская библиотека им. А. С. Пушкина)
c Дата составления 20260703
g Правила каталогизации PSBO
852 Данные о местонахождении __
i Авторский знак Б 48
j Шифр хранения 84(2=411.2)6-445
901 Тип документа __
a Ответственный ООФиК/Губина
t Тип документа m
901 Тип документа __
a Ответственный без партии
903 Характеристики (МАРС) __
a Дата передачи 20260703
c Наименование библиотеки (МАРС) Муниципальное бюджетное учреждение культуры "Централизованная библиотечная система" г. Сургут (Центральная городская библиотека им. А. С. Пушкина)